Blue Beetle Quiz (SPOILERS) - Statistics

General Stats
  • This quiz has been taken 20 times
  • The average score is 5 of 11
Answer Stats
Actor Role % Correct
Xolo Maridueña Jaime Reyes/Blue Beetle
100%
Becky G (voice) Khaji-Da/The Scarab
77%
Bruna Marquezine Jenny Kord
62%
George Lopez Rudy Reyes
54%
Damián Alcázar Alberto Reyes
46%
Belissa Escobedo Milagro Reyes
46%
Adriana Barraza Nana Reyes
38%
Raoul Max Trujillo Carapax
31%
Susan Sarandon Victoria Kord
31%
Harvey Guillén Sanchez
23%
Elpidia Carrillo Rocio Reyes
15%
No matching quizzes found
Score Distribution
Percent of People with Each Score
Percentile by Number Answered
Your Score History
You have not taken this quiz